LEADER 02166nam2 2200445 i 450 001 VAN00124563 005 20240806100816.680 017 70$2N$a9783319779775 100 $a20191021d2018 |0itac50 ba 101 $aeng 102 $aCH 105 $a|||| ||||| 200 1 $aˆVol. 3.: ‰Discrete Mathematics and Polynomial Algebra$fAntonio Caminha Muniz Neto 210 $aCham$cSpringer$d2018 215 $axii, 648 p.$cill.$d24 cm 410 1$1001VAN00023582$12001 $aProblem books in mathematics$1210 $aNew York [etc.]$cSpringer$d1981- 461 1$1001VAN00123585$12001 $aˆAn ‰Excursion through Elementary Mathematics$fAntonio Caminha Muniz Neto$1210 $aCham$cSpringer$1215 $avolumi$cill.$d24 cm$v3 500 1$3VAN00236118$aˆAn ‰Excursion through Elementary Mathematics. Vol. III, Discrete Mathematics and Polynomial Algebra$92789719 606 $a00Axx$xGeneral and miscellaneous specific topics [MSC 2020]$3VANC027112$2MF 606 $a05-XX$xCombinatorics [MSC 2020]$3VANC019812$2MF 606 $a05Axx$xEnumerative combinatorics [MSC 2020]$3VANC023597$2MF 606 $a11-XX$xNumber theory [MSC 2020]$3VANC019688$2MF 610 $aCounting$9KW:K 610 $aDiscrete mathematics$9KW:K 610 $aGraph theory$9KW:K 610 $aIMO$9KW:K 610 $aMathematics Olympiad$9KW:K 610 $aPolynomials$9KW:K 610 $aProblem Solving$9KW:K 620 $aCH$dCham$3VANL001889 700 1$aCaminha Muniz Neto$bAntonio$3VANV095052$0767139 712 $aSpringer $3VANV108073$4650 801 $aIT$bSOL$c20241115$gRICA 856 4 $uhttp://doi.org/10.1007/978-3-319-77977-5$zE-book ? Accesso al full-text attraverso riconoscimento IP di Ateneo, proxy e/o Shibboleth 899 $aBIBLIOTECA DEL DIPARTIMENTO DI MATEMATICA E FISICA$1IT-CE0120$2VAN08 912 $fN 912 $aVAN00124563 950 $aBIBLIOTECA DEL DIPARTIMENTO DI MATEMATICA E FISICA$d08DLOAD e-book 1023 $e08eMF1023 20191021 996 $aExcursion through Elementary Mathematics. Vol. III, Discrete Mathematics and Polynomial Algebra$92789719 997 $aUNICAMPANIA LEADER 01871nam0 22004093i 450 001 VAN00302218 005 20260209113820.354 010 $a978-94-02-41262-8 017 70$2N$a9789402412635 100 $a20260209d2018 |0itac50 ba 101 $aeng 102 $aNL 105 $a|||| ||||| 181 $ai$b e 182 $ab 183 $acr 200 1 $aDefence Against Bioterrorism$eMethods for Prevention and Control$fVladan Radosavljevic, Ines Banjari, Goran Belojevic editors 210 $aDordrecht$cSpringer$d2018 215 $aVIII, 272 p.$cill.$d24 cm 410 1$1001VAN00242760$12001 $aNATO Science for Peace and Security Series. A: Chemistry and Biology$1210 $aAmsterdam$cIOS Press ; Dordrecht$cSpringer$cNATO Emerging Security Challenges Division$d2007- 620 $aNL$dDordrecht$3VANL000068 676 $a660.6$cBiotecnologia. Microbiologia applicata$v22 676 $a614.4$cIgiene. Epidemiologia$v22 676 $a579$cMicrobiologia$v22 676 $a641$cScienze degli alimenti$v22 702 1$aBanjari$bInes$3VANV256384 702 1$aBelojevic$bGoran$3VANV256385 702 1$aRadosavljevic$bVladan$3VANV256383 712 $aSpringer $3VANV108073$4650 801 $aIT$bSOL$c20260213$gRICA 856 4 $uhttps://link.springer.com/openurl?genre=book&isbn=978-94-024-1263-5$zE-book - Accesso al full-text attraverso riconoscimento IP di Ateneo, proxy e/o Shibboleth 899 $aBIBLIOTECA DEL DIPARTIMENTO DI SCIENZE E TECNOLOGIE AMBIENTALI BIOLOGICHE E FARMACEUTICHE$1IT-CE0101$2VAN17 912 $fN 912 $aVAN00302218 950 $aBIBLIOTECA DEL DIPARTIMENTO DI SCIENZE E TECNOLOGIE AMBIENTALI BIOLOGICHE E FARMACEUTICHE$d17CONS e-book 2406 $e17BIB2406/77 77 20260209 996 $aDefence Against Bioterrorism$92522679 997 $aUNICAMPANIA